Francouzsko-český česko-francouzský slovník : Část franc.-česká, část česko-franc. /

Na minha lista:
Detalhes bibliográficos
Autor principal: Buben, Vladimír (Author)
Formato: Livro
Idioma:idiomas múltiplos
Publicado em: Praha : Státní pedagogické nakladatelství, 1972
Tags: Adicionar Tag
Sem tags, seja o primeiro a adicionar uma tag!

MARC

LEADER 00000nam a22000003a 4500
001 stu160366
005 20150617225955.3
008 080325s1972----cs------------------mul-d
040 |a STU  |b slo 
041 0 |a mul 
044 |a cs 
080 |a 801.323.2=40=850 
100 1 |a Buben, Vladimír  |4 aut 
245 1 |a Francouzsko-český česko-francouzský slovník :  |b Část franc.-česká, část česko-franc. /  |c [aut.] Buben,Vladimír 
260 |a Praha :  |b Státní pedagogické nakladatelství,  |c 1972 
300 |a s.1-662, s.663-1243 
996 |b E43057  |c E*43057  |l EE16  |s P  |a 0  |w stu160366_0003 
996 |b E43058  |c E*43058  |l EE16  |s P  |a 0  |w stu160366_0004